Дело об оставлении при Восточном институте для приготовления к профессорскому званию и о командировках

Доступно только в Электронных читальных залах Найти на картеНа карте
RUSMARC
00003764nmc2a22000003x 450
00183208837-9f33-416f-84d1-fad030d25db2
00520191119204001.0
100##$a20180130l19171917k l0rusy0189 ca
1010#$arus
102##$aRU
2001#$aДело об оставлении при Восточном институте для приготовления к профессорскому званию и о командировках
$j1 февраля - 5 октября 1917 г.
251##$cДело
300##$aДело
801#0$aRU
$bРГИА
$c20180130
$gRCR
801#1$aRU
$bГлавНИВЦ
$c20180130
$2rusmarc
801#2$aRU
$bПБ им. Б.Н. Ельцина
$c20191119
$gRCR
$2rusmarc
850##$aРГИА
852##$aРГИА
$eФедеральное казенное учреждение "Российский государственный исторический архив" (РГИА)
$j747
937##$hРГИА
$d12227262
$aASBIBLIO_SCAN
462#0$100146c96731-af2d-49ce-8199-721d162b0637
$12001
$aДела по ученым учреждениям и высшим учебным заведениям Департамента народного просвещения за 1915-1917 годы
$1251
$cОпись
$1852
$j156
461#0$1001a74412a3-3cc5-4d21-8f0a-dfe2fbd9e72d
$12001
$aДепартамент народного просвещения Министерства народного просвещения (1803-1917)
$1251
$cФонд
$1852
$j733
215##$a41 л.
$d36,5х26 см
371##$aДокумент не является опубликованным и широко распространяемым
105##$ay###
1222#$ad
035##$a83208837-9f33-416f-84d1-fad030d25db2
856##$uhttp://readingroom.main.prlib.ru/item.aspx?id_node=n135212813&mode=full
Формат отображения